000 00382nam a2200157Ia 4500
008 230312s9999||||xx |||||||||||||| ||und||
020 _a0534568262
082 _a612
_bSHE-H
100 _aSherwood , Lauralee
245 0 _aHuman Physiology (from cell to system)
260 _bBrooks cole
_c2001
300 _aCR-2
546 _aEng.
650 _aMedical
_vPhysiology
942 _cBK
999 _c3590
_d3590